Catálogo - Centro de Recursos para el Aprendizaje y la Investigación

Volver al Sitio - CRAI Biblioteca

Prontuario de legislación de la competencia de los juzgados de paz (Registro nro. 113488)

Detalles MARC
000 -CABECERA
campo de control de longitud fija 03112nam a2200313 4500
001 - NÚMERO DE CONTROL
campo de control 113488
003 - IDENTIFICADOR DEL NÚMERO DE CONTROL
campo de control DR-UNIBE
005 - FECHA Y HORA DE LA ÚLTIMA TRANSACCIÓN
campo de control 20260213153341.0
008 - DATOS DE LONGITUD FIJA--INFORMACIÓN GENERAL
campo de control de longitud fija 250424b2001 dr ||||| |||| 00| 0 spa d
020 ## - NÚMERO INTERNACIONAL ESTÁNDAR DEL LIBRO
Número Internacional Estándar del Libro 9993481653 (volumen 1)
020 ## - NÚMERO INTERNACIONAL ESTÁNDAR DEL LIBRO
Número Internacional Estándar del Libro 9993481661 (volumen 2)
040 ## - FUENTE DE LA CATALOGACIÓN
Centro catalogador/agencia de origen BIBLIOTECA UNIBE
Lengua de catalogación spa
Centro/agencia transcriptor BIBLIOTECA UNIBE
041 ## - CÓDIGO DE LENGUA
Código de lengua del texto/banda sonora o título independiente spa
082 ## - NÚMERO DE LA CLASIFICACIÓN DECIMAL DEWEY
Número de edición 22
Número de clasificación RD 347.7293016 P965L
245 00 - MENCIÓN DE TÍTULO
Título Prontuario de legislación de la competencia de los juzgados de paz
250 ## - MENCIÓN DE EDICIÓN
Mención de edición Primera edición
260 ## - PUBLICACIÓN, DISTRIBUCIÓN, ETC.
Lugar de publicación, distribución, etc. Santo Domingo :
Nombre del editor, distribuidor, etc. Escuela Nacional de la Judicatura,
Fecha de publicación, distribución, etc. 2001
300 ## - DESCRIPCIÓN FÍSICA
Extensión 2 volúmenes ;
Dimensiones 28 cm
490 ## - MENCIÓN DE SERIE
Mención de serie Biblioteca básica del juez de paz ;
Designación de volumen o secuencia 3
505 0# - NOTA DE CONTENIDO CON FORMATO
Nota de contenido con formato Volumen 1 |<br/>A manera de introducción |<br/>Competencia general de los tribunales |<br/>PRIMERA PARTE |<br/>1.1 Disposiciones de orden organizacional |<br/>1.1.1. Artículos 76 y 77 de la Constitución de la República Dominicana |<br/>1.1.2. Normativas de organización |<br/>1.1.3. Ley de carrera judicial de la República Dominicana |<br/>1.1.4. Reglamento de la carrera judicial |<br/>1.1.5. Leyes que crean juzgados de paz y determinan límites de circunscripciones |<br/>1.1.6. Normativas relativas al cobro de impuestos |<br/>1.1.7. Resolución No. 246-2001 de la Suprema Corte de Justicia con relación al cobro de honorarios por los jueces de paz |<br/>1.1.8. Ley 302, de 1964, sobre honorarios de abogados |<br/>1.1.9. Ley 091, de 1983, que crea el colegio de abogados |<br/>1.1.10. Resolución de la Suprema Corte de Justicia, ratificando que la designación de juez suplente entrega la investidura de notario público |<br/>SEGUNDA PARTE. NORMATIVAS DE CARÁCTER PENAL EXCLUSIVA |<br/>Sección I |<br/>2.1 Providencias de procedimiento |<br/>Sección II |<br/>2.2 Providencias de carácter urbano |<br/>Sección III |<br/>2.3 Providencias de carácter rural |<br/>Sección IV. |<br/>2.4 Providencias de carácter mixto |<br/>TERCERA PARTE. NORMATIVAS DE CARÁCTER GENERAL |<br/>Sección I. |<br/>3.1 Disposiciones relativas a infracciones laborales |<br/>3.2 Disposiciones relativas a accidentes de trabajo<br/>
505 0# - NOTA DE CONTENIDO CON FORMATO
Nota de contenido con formato Volumen 2 |<br/>CUARTA PARTE. NORMATIVAS QUE ATRIBUYEN COMPETENCIA PENAL NO EXCLUSIVA |<br/>Sección I |<br/>4.1 Disposiciones de carácter particular |<br/>Sección II |<br/>4.2 Disposiciones relativas a niños, niñas y adolescentes |<br/>4.3 Disposiciones relativas a alquileres y propiedad de pisos o apartamentos |<br/>QUINTA PARTE. NORMATIVAS QUE ATRIBUYEN COMPETENCIA CIVIL Y COMERCIAL |<br/>Sección I |<br/>5.1 Disposiciones relativas a actividades civiles y comerciales |<br/>Sección II |<br/>5.2 Disposiciones de carácter administrativo |<br/>SEXTA PARTE |<br/>6.1 Diversas normativas que otorgan competencia a los juzgados de paz municipales<br/>
650 #7 - PUNTO DE ACCESO ADICIONAL DE MATERIA--TÉRMINO DE MATERIA
Fuente del encabezamiento o término lemb
Término de materia o nombre geográfico como elemento de entrada Jueces de paz
Subdivisión general Legislación
Subdivisión geográfica República Dominicana
9 (RLIN) 202411
650 #4 - PUNTO DE ACCESO ADICIONAL DE MATERIA--TÉRMINO DE MATERIA
Fuente del encabezamiento o término lemb
Término de materia o nombre geográfico como elemento de entrada Juzgados de paz
Subdivisión general Legislación
Subdivisión geográfica República Dominicana
9 (RLIN) 202412
650 #4 - PUNTO DE ACCESO ADICIONAL DE MATERIA--TÉRMINO DE MATERIA
Término de materia o nombre geográfico como elemento de entrada Juzgados de paz
Subdivisión general Organización
9 (RLIN) 202413
650 #7 - PUNTO DE ACCESO ADICIONAL DE MATERIA--TÉRMINO DE MATERIA
Término de materia o nombre geográfico como elemento de entrada Administración de justicia
Fuente del encabezamiento o término lemb
Subdivisión geográfica República Dominicana
9 (RLIN) 8552
700 ## - PUNTO DE ACCESO ADICIONAL--NOMBRE DE PERSONA
Nombre de persona Subero Isa, Jorge A.,
Fechas asociadas al nombre 1947-
Término indicativo de función/relación prologuista
9 (RLIN) 15642
700 1# - PUNTO DE ACCESO ADICIONAL--NOMBRE DE PERSONA
Nombre de persona Castellanos Estrella, Víctor José
Término indicativo de función/relación compilador
9 (RLIN) 29257
942 ## - ELEMENTOS DE PUNTO DE ACCESO ADICIONAL (KOHA)
Fuente del sistema de clasificación o colocación Sistema de Clasificación Decimal Dewey
Tipo de ítem Koha Libro (general)
Existencias
Estado de retiro Estado de pérdida Fuente del sistema de clasificación o colocación No para préstamo Código de colección Localización permanente Fecha de adquisición Total de préstamos Signatura topográfica completa Código de barras Fecha visto por última vez Número de copia Precio válido a partir de Tipo de ítem Koha
  Disponible Sistema de Clasificación Decimal Dewey   General - Libros dominicanos Biblioteca Central UNIBE 24/02/2025   RD 347.7293016 P965L 250343 24/04/2025 Vol. 1 Ej. 1 24/04/2025 Libro (general)
  Disponible Sistema de Clasificación Decimal Dewey   General - Libros dominicanos Biblioteca Central UNIBE 24/02/2025   RD 347.7293016 P965L 250344 24/04/2025 Vol. 2, Ej. 1 24/04/2025 Libro (general)